00370nam a2200133Ia 4500008004100000041000800041082001600049100002400065245006200089260004200151300001100193365000700204650002500211210719s2005 xx 000 0 und d aeng a378.14 STAI aST ALOYSIUS COLLEGE aInternal Quality assurance cell (IQAC): report 2004-2005. aMangalorebSt. Aloysius Collegec2005 a35bPB cRs aSt. Aloysius College